000
00296nam a22001337a 4500
008
170405b xxu||||| |||| 00| 0 eng d
020
_a
25327
041
_a
eng
080
_2
2ND
_a
616.34
100
_a
9
101
_a
SHM
245
_a
GASTROINTESTINAL PHYSIOLOGY
_c
JOHNSON, L.R
942
_2
udc
_c
BK
999
_c
9864
_d
9864